| 000 | 00797nam a2200181 i 4500 | ||
|---|---|---|---|
| 001 | 83628 | ||
| 003 | ES-MaACL | ||
| 005 | 20230906174851.0 | ||
| 007 | t| | ||
| 008 | 041117s1982 sp ||||1| spa d | ||
| 245 | 0 | 0 |
_aInventario del planeamiento, 1981 / _cMinisterio de Obras Públicas y Urbanismo, Dirección General de Acción Territorial y Urbanismo. |
| 260 |
_a[Madrid : _bMOPU, Servicio de Publicaciones, _c1982] |
||
| 300 |
_a10 fasc. ; _c22 x 31 cm. |
||
| 505 | 8 | _aContiene: 1. Memoria - 2. Andalucía - 3. Asturias - 4. Baleares - 5. Cantabria - 6. Castilla-León - 7. Galicia - 8. La Rioja - 9. Murcia - 10. Navarra | |
| 650 | 4 |
_aPlanes urbanísticos- _zEspaña. _916104 |
|
| 710 | 1 |
_aEspaña. _bDirección General de Acción Territorial y Urbanismo. _93696 |
|
| 852 |
_aES-MaACL _jP-619 |
||
| 999 |
_c83628 _d83628 |
||